000
00242nam a2200097Ia 4500
008
240625s9999 xx 000 0 und d
041
_a
eng
082
_a
658.421 KAP
100
_a
KAPLAN JACK M
245
_a
PATTERNS OF ENTREPRENEURSHIP MANAGEMENT
999
_c
40078
_d
40078